Learn-a-term : a course in medical terminology /

Bibliographic Details
Main Author: Garber, A. Brent
Other Authors: Sparks, Leroy
Format: Book
Language:English
Published: Germantown, Md. : Aspen Systems, 1977.
Subjects:

MARC

Tag First Indicator Second Indicator Subfields
LEADER 00000cam a2200000 a 4500
001 in00000089396
005 20151008063433.0
008 780109s1977 mdua 00010 engm
010 |a  77082026  
020 |a 0912862483 
035 |a (OCoLC)03530332 
035 |9 AAK2228AM 
040 |a DLC  |c DLC  |d VRC  |d USU  |d TXA  |d UtOrBLW 
049 |a TXAM  |c  [1442010] 
050 0 0 |a R123  |b .G3 
082 0 |a 610/.1/4 
096 |a W 15 G213L 1977 
100 1 |a Garber, A. Brent. 
245 1 0 |a Learn-a-term :  |b a course in medical terminology /  |c A. Brent Garber and Leroy Sparks. 
264 1 |a Germantown, Md. :  |b Aspen Systems,  |c 1977. 
300 |a v, 168 pages :  |b illustrations ;  |c 28 cm. 
336 |a text  |b txt  |2 rdacontent 
337 |a unmediated  |b n  |2 rdamedia 
338 |a volume  |b nc  |2 rdacarrier 
500 |a "An Aspen publication". 
650 0 |a Medicine  |x Terminology  |v Problems, exercises, etc. 
650 0 |a Medicine  |v Terminology  |x Caricatures and cartoons. 
650 2 |a Medicine  |x terminology. 
700 1 |a Sparks, Leroy. 
999 |a MARS 
999 f f |s 468a4c60-f7fd-30dc-bdf5-ab811430c461  |i 8c0796d8-541d-302a-babd-e31d77ab53bc  |t 0 
952 f f |p ric  |a Texas A&M University  |b Rellis Campus  |c Joint Library Facility  |d Remote Storage  |t 0  |e R123 .G3  |h Library of Congress classification  |i unmediated -- volume  |m A14806226619 
998 f f |a R123 .G3  |t 0  |l Remote Storage